| 000 | 005060000a22001930004500 | ||
|---|---|---|---|
| 001 | 001204 | ||
| 003 | MACL | ||
| 005 | 20150714165643.0 | ||
| 008 | 150714b xxu||||| |||| 00| 0 eng d | ||
| 040 |
_aMACL _cMACL |
||
| 041 | _aEnglish | ||
| 082 | _a322/BEY | ||
| 100 |
_aChatterjee, Sibranjan _92133 |
||
| 245 |
_aRestructuring Center-State Relations _cSibranjan Chatterjee |
||
| 260 |
_aCalcutta _c1997 _bMinerva Publications, |
||
| 350 | _a180 | ||
| 650 |
_aPolitical Science _988 |
||
| 942 |
_k322 _cBK _2ddc |
||
| 999 |
_c1199 _d1199 |
||